| 000 | 00449cam a2200181 4500 | ||
|---|---|---|---|
| 001 | D8913 | ||
| 008 | 090401t1978 xxu||||| |||| 00| 0 eng d | ||
| 035 | _a(Sirsi) u16125 | ||
| 041 | _aeng | ||
| 050 | _a692.3 | ||
| 100 | _aHarrison, Dex (ed) | ||
| 245 | _aSpecification 1978: building methods and products. Volume 4 | ||
| 260 |
_aLondon _bArchitectural Press _c1978 |
||
| 300 | _a5v. 30cm | ||
| 350 | _a16 | ||
| 942 | _n0 | ||
| 948 | _c04/03/1997 | ||
| 999 |
_c87377 _d87377 |
||